LEADER 01087nam1 2200385 450 001 990001971290203316 005 20040901114022.0 035 $a000197129 035 $aUSA01000197129 035 $a(ALEPH)000197129USA01 035 $a000197129 100 $a20040901g19641965km-y0itay0103----ba 101 0 $aita 102 $aIT 105 $aa|||||||001yy 200 1 $aStoria dell'arte italiana$fPietro Toesca 210 $aTorino$cUTET$d1964-1965 215 $a3 v.$cill.$d27 cm 410 0$12001 454 1$12001 461 1$1001-------$12001 463 \1$1001990001971320203316$12001 $a<<1.>> : <> Medioevo 463 \1$1001990001971350203316$12001 $a<<2.>> : <> Trecento 606 0 $aArte italiana$xStoria 676 $a709.45 700 1$aTOESCA,$bPietro$05788 801 0$aIT$bsalbc$gISBD 912 $a990001971290203316 951 $aVII G$bL.M.$cVII G 959 $aBK 969 $aUMA 979 $aSIAV4$b10$c20040901$lUSA01$h1132 979 $aSIAV4$b10$c20040901$lUSA01$h1140 996 $aStoria dell'arte italiana$9279761 997 $aUNISA LEADER 00958nam0-22003011i-450- 001 990005534550403321 005 20050711132642.0 035 $a000553455 035 $aFED01000553455 035 $a(Aleph)000553455FED01 035 $a000553455 100 $a19990604d1963----km-y0itay50------ba 101 0 $aeng 105 $ay-------001yy 200 1 $a<>Character of Philipp II$eThe problem of Moral Judgments in History$fedited with an introduction by John C. Rule and John J. TePaske 210 $aBoston$cD.C. Heath and Company$dc1963 215 $aXVIII, 103 p.$d24 cm 225 1 $aProblems in European civilization 676 $a946.043092$v21$zita 700 1$aRule,$bJohn C.$0165561 702 1$aTepaske,$bJohn J. 801 0$aIT$bUNINA$gRICA$2UNIMARC 901 $aBK 912 $a990005534550403321 952 $a946.043 RUL 1$bST.MED.MOD. 3335$fFLFBC 959 $aFLFBC 996 $aCharacter of Philipp II$9610834 997 $aUNINA